Critical thinking/ (Record no. 4858)
[ view plain ]
| 000 -LEADER | |
|---|---|
| fixed length control field | 00940nac a22002291u 4500 |
| 020 ## - INTERNATIONAL STANDARD BOOK NUMBER | |
| International Standard Book Number | 9781859649190 |
| 082 ## - DEWEY DECIMAL CLASSIFICATION NUMBER | |
| Classification number | 371.30281 |
| Item number | F272 |
| 090 ## - LOCALLY ASSIGNED LC-TYPE CALL NUMBER (OCLC); LOCAL CALL NUMBER (OCLC) | |
| -- | 4858 |
| -- | 4858 |
| 100 ## - MAIN ENTRY--PERSONAL NAME | |
| Personal name | Fava-Verde, Amanda |
| 245 ## - TITLE STATEMENT | |
| Title | Critical thinking/ |
| Statement of responsibility, etc | Amanda Fava-Verde, Anthony Manning & Clare Nukui with Jennifer Book |
| Name of part/section of a work | Course book |
| Number of part/section of a work | Module5 |
| 260 ## - PUBLICATION, DISTRIBUTION, ETC. (IMPRINT) | |
| Place of publication, distribution, etc | London: |
| Name of publisher, distributor, etc | Garnet pub.,2007 |
| Date of publication, distribution, etc | 2007 |
| 300 ## - PHYSICAL DESCRIPTION | |
| Extent | 34p.: |
| Other physical details | col. ill.; |
| Dimensions | 26 cm. |
| 440 ## - | |
| -- | University foundation study |
| 650 ## - SUBJECT ADDED ENTRY--TOPICAL TERM | |
| Topical term or geographic name as entry element | Study skills |
| 650 ## - SUBJECT ADDED ENTRY--TOPICAL TERM | |
| Topical term or geographic name as entry element | Life skills |
| 700 ## - ADDED ENTRY--PERSONAL NAME | |
| Personal name | Manning, Anthony |
| 700 ## - ADDED ENTRY--PERSONAL NAME | |
| Personal name | Nukui, Clare |
| 700 ## - ADDED ENTRY--PERSONAL NAME | |
| Personal name | Book, Jennifer |
| 942 ## - ADDED ENTRY ELEMENTS (KOHA) | |
| Item type | |
| Call number prefix | 371.30281F272 |
| Withdrawn status | Item status | Damaged status | Not for loan | Home library | Current library | Shelving location | Date acquired | Source of acquisition | Total Checkouts | Total Renewals | Full call number | Barcode | Date last seen | Date last borrowed | Koha item type | Source of classification or shelving scheme | Vendor |
|---|---|---|---|---|---|---|---|---|---|---|---|---|---|---|---|---|---|
| Central Library | Central Library | First floor | 25/09/2007 | Purchase | 1 | 1 | 371.30281 FAV | 000006049 | 15/07/2025 | 13/10/2010 | Book - Borrowing | ||||||
| Central Library | Central Library | First floor | 09/10/2011 | 371.30281 FAV | 000006055 | 15/07/2025 | NB - Book (Non borrowing) | Dewey Decimal Classification |